000 01231cam a2200373 a 4500
001 22515
003 SK-KTurca
005 20260331142331.0
008 240702s1997 xo gr 000 j slo
015 _aSNBA1998/03-00991
020 _a8071184950
035 _aSNK000265608
035 _aurn:nbn:sk:snk-amkh10
035 _aurn:nbn:sk:snk-am002yri
035 _a94C561DE-2938-40B9-9277-4EF834A0DAC6
040 _aSNK
_bslo
_cSNK
_eAACR2
041 0 _aslo
044 _axo
_cSK
072 7 _a821.162.4-3
_xSlovenská próza
_2konspekt
080 _a885.4-3
_21981
080 _a821.162.4-32
_22011
080 _a821-322.5
_22001
245 0 0 _aNajkrajšie príbehy
_c[autori príbehov: M. Bujnová ... [et al.] ; z príbehov uverejnených v mesačníku Ženský magazín zostavil a redigoval Andrej Fabík]]
260 _aBratislava
_bIkar
_c1997
300 _a184 s.
_c21 cm
500 _aÚdaj o aut. a zost. prevzatý z rubu tit. strany
655 7 _aslovenské príbehy
_2SNKPH
655 7 _aľúbostné príbehy
_2SNKPH
700 1 _aBujnová, M.
_4aut
700 1 _aFabík, Andrej
_4com
_4oth
942 _2ddc
_cKLDO
_n0
999 _c22515
_d22515